| 000 | 01741cam a22003978i 4500 | ||
|---|---|---|---|
| 001 | BK0012755583 | ||
| 003 | DLC | ||
| 005 | 20241220135111.0 | ||
| 008 | 130423s2013 nyu 000 1 eng | ||
| 010 | _a2013013842 | ||
| 020 |
_a9781250030955 : HRD _c$18.99 |
||
| 020 |
_a1250030951 : HRD _c$18.99 _z9781250030962 (e-book) |
||
| 037 |
_bSt Martins Pr, C/O Mps 16365 James Madison Hwy Us Hwy 15, Gordonsville, VA, USA, 22942, (212)6745151 _nSAN 631-5011 |
||
| 040 |
_aDLC _beng _cDLC _erda _dNjBwBT |
||
| 050 | 1 | 4 |
_aPZ7.R79613 _bFan 2013b |
| 082 | 0 | 4 |
_a[Fic] _223 |
| 092 | _aFIC | ||
| 092 | _aROWELL | ||
| 100 | 1 |
_aRowell, Rainbow. _95943206 |
|
| 245 | 1 | 0 |
_aFangirl / _cRainbow Rowell. |
| 250 | _aFirst St. Martin's Griffin edition. | ||
| 260 |
_bSt Martins Pr _c2013 |
||
| 263 | _a1309 | ||
| 264 | 1 |
_aNew York : _bSt. Martin's Griffin, _c2013. |
|
| 300 | _a438 | ||
| 336 | _atext | ||
| 337 | _aunmediated | ||
| 338 | _avolume | ||
| 520 | _aFeeling cast off when her best friend outgrows their shared love for a favorite celebrity, Cath, a dedicated fan-fiction writer, struggles to survive on her own in her first year of college while avoiding a surly roommate, bonding with a handsome classmate who only wants to talk about words and worrying about her fragile father. | ||
| 520 | _aCath struggles to survive on her own in her first year of college while avoiding a surly roommate, bonding with a handsome classmate who only wants to talk about words, and worrying about her fragile father. | ||
| 650 | 1 |
_aGroupies _vFiction. _96517219 |
|
| 650 | 1 |
_aAuthorship _vFiction. _95701087 |
|
| 650 | 1 |
_aInterpersonal relations _vFiction. _95673978 |
|
| 942 |
_cBOOK _0133 |
||
| 998 | _aa175236 | ||
| 999 |
_c99798 _d99798 |
||